000 00960cab a2200277 4500
001 WB2842-40
008 090401t1992 xxu||||| |||| 00| 0 eng d
035 _a(Sirsi) u49337
041 _aeng
245 _aGermany
260 _c1992
300 _aLOAN
350 _a0
490 _aFinancial Times
_v26 October 1992, (12)
520 _aFeatures include the impact of reunification on the German economy, attempts to build up the country`s importance as a key financial centre, highlights opportunities for foreign investors and the construction industry in former East Germany. Concludes with a discussion of how the fortunes of Hamburg have improved over the last decade. Also includes key statistics.
650 _aBERLIN
650 _aBONN
650 _aCONSTRUCTION INDUSTRY
650 _aECONOMY
650 _aFRANKFURT
650 _aGERMANY
650 _aHAMBURG
690 _aOVERSEAS-EUROPE
942 _n0
948 _c04/03/1997
999 _c30870
_d30870